000 00275nam a2200121Ia 4500
008 211105s9999 xx 000 0 und d
020 _aVYASA07241
100 _aGupta Sanjukta
245 0 _aLakshmi Tantra
250 _a\N
260 _bMotilal banarsidass
_c\N
300 _a400p.
999 _c324
_d324